=LDR 00000nam 2200000 4500 =001 INLIS000000000042323 =005 20131008015117 =008 ***********************************Ind** =035 ##$$0010-101300000000245 =041 ##$$a Ind =082 ##$$a 330. 015 195 =090 ##$$a 30. 15 195, Ana l.2 =100 ##$$a Ananta,Aris =245 ##$$a Landasan Ekonomi, Aris Ananta =260 ##$$a 1987 $b Jakarta =300 ##$$a 158 hlm, 20.5 =850 ##$$a NBPNMAT